| 000 | 00721nam a2200253Ia 4500 | ||
|---|---|---|---|
| 003 | OSt | ||
| 005 | 20220918185121.0 | ||
| 006 | a|||||r|||| 00| 0 | ||
| 007 | ta | ||
| 008 | 220917b |||||||| |||| 00| 0 eng d | ||
| 024 | _a49,632 | ||
| 037 | _cTextual | ||
| 040 |
_aARTS _cARTS _beng |
||
| 041 |
_2eng _aeng |
||
| 082 | _aP,6Pl,N70, L4 | ||
| 110 |
_aInternational Symposium of Funtional Sentence Perspective _967842 |
||
| 245 | 0 | _aPapers ed by F Danes | |
| 260 |
_aPrague _bAcademic _c1974 |
||
| 300 |
_a222p. _ccm. |
||
| 650 | _aLINGUISTICS | ||
| 700 |
_aInternational Symposium of Funtional Sentence Perspective _967843 |
||
| 942 |
_hP,6Pl,N70, L4 _cTEXL _2CC |
||
| 999 |
_c179254 _d179254 |
||